[Event "Cholet-D"]
[Site "Cholet"]
[Date "2011.03.07"]
[Round "3"]
[White "Legendre, Aurelien"]
[Black "Monnet, Sebastien"]
[Result "0-1"]
[WhiteElo "1330"]
[BlackElo "1489"]
[PlyCount "58"]
[EventDate "2011.03.05"]
[EventType "tourn"]
[EventRounds "9"]
[EventCountry "FRA"]
[SourceTitle "EXT 2012"]
[Source "ChessBase"]
[SourceDate "2011.11.24"]
[SourceVersion "1"]
[SourceVersionDate "2011.11.24"]
[SourceQuality "1"]

1. e4 c5 2. c4 Nc6 3. Nf3 d6 4. Nc3 a6 5. d4 cxd4 6. Nxd4 Nf6 7. Be2 g6 8. Nxc6 bxc6 9. 0-0 Bg7 10. c5 d5 11. exd5 cxd5 12. Nxd5 Qxd5 13. Qxd5 Nxd5 14. Rb1 Bf5 15. Ra1 0-0 16. a4 h5 17. Ra3 a5 18. Bd3 Bxd3 19. Rxd3 e6 20. b3 Rfc8 21. Ba3 Rc6 22. Rc1 Rac8 23. b4 axb4 24. Bxb4 Ra8 25. a5 Rb8 26. Rb1 Rxc5 27. a6 Rxb4 28. Ra1 Bxa1 29. Rd1 Ra4 0-1

[Event "Cholet-D"]
[Site "Cholet"]
[Date "2011.03.07"]
[Round "4"]
[White "Monnet, Sebastien"]
[Black "Barre, Laurent"]
[Result "1-0"]
[WhiteElo "1489"]
[BlackElo "1474"]
[PlyCount "101"]
[EventDate "2011.03.05"]
[EventType "tourn"]
[EventRounds "9"]
[EventCountry "FRA"]
[SourceTitle "EXT 2012"]
[Source "ChessBase"]
[SourceDate "2011.11.24"]
[SourceVersion "1"]
[SourceVersionDate "2011.11.24"]
[SourceQuality "1"]

1. e4 e5 2. Nf3 Nc6 3. Bb5 d6 4. c3 Bd7 5. d3 Be7 6. 0-0 Nf6 7. Re1 0-0 8. Nbd2 Na5 9. Bxd7 Qxd7 10. b4 Nc6 11. Nc4 b5 12. Ne3 Nd8 13. Nf5 Ne6 14. g3 Bd8 15. a4 c6 16. axb5 cxb5 17. Re2 g6 18. Ne3 Qb7 19. Rea2 Bb6 20. Qb3 Nc7 21. Ng2 a6 22. Bh6 Rfc8 23. Ng5 d5 24. h3 Nd7 25. Kh1 f6 26. Nf3 Kh8 27. Nd2 Bxf2 28. Kh2 Bb6 29. Rf1 Qc6 30. g4 g5 31. h4 Rg8 32. exd5 Nxd5 33. Ne4 gxh4 34. g5 Ne3 35. Nxe3 Bxe3 36. Rf3 Bf4+ 37. Kh1 fxg5 38. Qf7 Nb6 39. Qf6+ Qxf6 40. Nxf6 Rg6 41. Ng4 Nd5 42. Rc2 Ne7 43. Re2 Nf5 44. Nxe5 Ng3+ 45. Rxg3 hxg3 46. Nxg6+ hxg6 47. Re7 Rg8 48. Kg2 Bd2 49. Kxg3 Bxc3 50. Bxg5 Bxb4 51. Bf6+ 1-0

[Event "FRA-ch op-D"]
[Site "Pau"]
[Date "2008.08.20"]
[Round "8"]
[White "Billon, Florent"]
[Black "Monnet, Sebastien"]
[Result "0-1"]
[WhiteElo "1450"]
[BlackElo "1431"]
[PlyCount "73"]
[EventDate "2008.08.11"]
[EventType "swiss"]
[EventRounds "9"]
[EventCountry "FRA"]
[SourceTitle "CBM 126 Extra"]
[Source "ChessBase"]
[SourceDate "2008.11.05"]
[SourceVersion "1"]
[SourceVersionDate "2008.11.05"]
[SourceQuality "1"]

1. d4 Nf6 2. c4 e5 3. d5 Bc5 4. Bg5 Bxf2+ 5. Kxf2 Ng4+ 6. Ke1 Qxg5 7. Nf3 Qe3 8. Qd2 Qf2+ 9. Kd1 Ne3+ 10. Kc1 Nxf1 11. Qd1 Qe3+ 12. Nbd2 Nxd2 13. Nxd2 d6 14. h3 Na6 15. Rf1 Bd7 16. Rf3 Qg5 17. Qf1 0-0 18. Kd1 f5 19. Qh1 Nc5 20. h4 Qh6 21. Kc2 Ne4 22. Nxe4 fxe4 23. Rg3 Rf2 24. Re1 Raf8 25. b3 R8f4 26. h5 Rg4 27. Rxg4 Bxg4 28. Qh4 Qf4 29. Qd8+ Qf8 30. Qxc7 Bxe2 31. Kc3 Rf7 32. Qa5 b6 33. Qa3 Bd3 34. Qb2 Rf2 35. Qc1 Rc2+ 36. Qxc2 Bxc2 37. Kxc2 0-1